000 002740000a22000970004500
100 1 _aHamilton, Tim
245 1 0 _aRemembering the poor : Your credit card can be more just a convenient way to pay
300 _aNum. 8 (1999), Páginas 26-27
773 0 _tTeartimes
942 _cANA
999 _c55858
_d55858